Online
Catalog
Normal view MARC view

Entry Nombre de reunión

Number of records used in: 1

001 - NÚMERO DE CONTROL

  • campo de control: 62777

003 - IDENTIFICADOR DEL NÚMERO DE CONTROL

  • campo de control: OSt

005 - FECHA Y HORA DE LA ÚLTIMA TRANSACCIÓN

  • campo de control: 20200615035329.0

008 - DATOS DE LONGITUD FIJA

  • campo de control de longitud fija: 200615|| aca||aabn | a|a d

040 ## - FUENTE DE LA CATALOGACIÓN

  • Centro catalogador/agencia de origen: OSt
  • Centro/agencia transcriptor: OSt

111 ## - ENCABEZAMIENTO--NOMBRE DE CONGRESO/REUNIÓN

  • Nombre de congreso/reunión o jurisdicción como elemento de entrada: Conferencia de la Asociación de Organismos Electorales de Centroamerica y el Caribe
  • Número del congreso/reunión o número de parte o sección: (2
  • Fecha del congreso/reunión: 1987 nov. 23-26)
  • Sede del congreso/Lugar de la reunión: Santo Domingo

670 ## - FUENTE DE DATOS ENCONTRADOS

  • Cita de la fuente: Work cat.: (OSt)36018: Conferencia de la Asociación de Organismos Electorales de Centroamerica y el Caribe (2 1987 nov. 23-26) Santo Domingo, Memoria, Segunda Conferencia de la Asociación de Organismos Electorales de Centroamérica y el Caribe :, 1988.

Powered by Koha